| 000 | 00919cam a2200205 4500 | ||
|---|---|---|---|
| 001 | L160247 | ||
| 008 | 190529n2019 000 0 eng u | ||
| 020 | _a9780429431845 | ||
| 035 | _a(Sirsi) u160247 | ||
| 041 | _aeng | ||
| 100 | _aMcCluskey, William | ||
| 245 |
_aProperty tax _h[electronic resource] |
||
| 260 |
_aAbingdon _bRoutldge _c2019 |
||
| 520 | _aProvides a comparative analysis of property taxation across a number of countries. Focuses on Singapore, Hong Kong, Pakistan, Thailand, Botswana, Zimbabwe, Thailand, Botswana, Zimbabwe, Netherlands, Brazil, New Zealand, Australia, South Africa, Kenya, Poland, Hungary and Czech Republic | ||
| 520 | _aUpdates Compative property tax systems ISBN 1856281337 1881 | ||
| 651 | 4 | _aENGLAND AND WALES | |
| 690 | _aFinance and taxation | ||
| 856 | 4 | 0 |
_uhttps://www.vlebooks.com/ _zView on VLEbooks. Logins for members only from [email protected] |
| 942 | _n0 | ||
| 999 |
_c116297 _d116297 |
||